Statistics for Homesick - Noah Kahan & Sam Fender Lyrics

Click here to take the quiz!

General Stats

  • This quiz has been taken 19 times
  • The average score is 89 of 175

Answer Stats

Answer% Correct
a
90%
I
90%
i
90%
in
90%
the
90%
fallout
80%
from
80%
grew
80%
up
80%
me
70%
riots
70%
aint
60%
and
60%
back
60%
bad
60%
because
60%
been
60%
bullshit
60%
got
60%
have
60%
how
60%
if
60%
im
60%
i'm
60%
is
60%
mean
60%
months
60%
since
60%
that
60%
to
60%
two
60%
weather
60%
you
60%
are
50%
bored
50%
distance
50%
england
50%
for
50%
gold
50%
guy
50%
into
50%
make
50%
masochistic
50%
new
50%
olympic
50%
place
50%
runner
50%
some
50%
this
50%
well
50%
won
50%
yet
50%
you're
50%
ago
40%
anyone
40%
away
40%
dreams
40%
eight
40%
every
40%
fuck
40%
great
40%
here
40%
hibernation
40%
homesick
40%
lot
40%
makes
40%
move
40%
my
40%
of
40%
photograph
40%
sense
40%
static
40%
such
40%
summer
40%
taken
40%
trying
40%
years
40%
can't
30%
could
30%
cranes
30%
find
30%
leave
30%
life
30%
myself
30%
ocean
30%
on
30%
only
30%
reason
30%
shadows
30%
thats
30%
will
30%
would
30%
as
20%
believe
20%
but
20%
castin
20%
has
20%
i've
20%
lay
20%
lifeless
20%
man
20%
ninetys
20%
old
20%
other
20%
side
20%
spend
20%
stare
20%
them
20%
town
20%
could've
10%
die
10%
dreamt
10%
fight
10%
house
10%
pick
10%
rest
10%
what
10%
with
10%
yeah
10%
at
0%
hallowed
0%
motivations
0%

Score Distribution

Percentile by Number Answered

Percent of People with Each Score

Your Score History

You have not taken this quiz